Владимир Ильич Ленин. Биография: в 2 т.

Podrobná bibliografie
Korporativní autor: Институт марксизма-ленинизма (ИМЛ)
Jazyk:ruština
Vydáno: Москва, Политиздат, 1985-1986
Vydání:7-е изд.
Médium: MixedMaterials Kniha
KOHA link:https://koha.lib.tpu.ru/cgi-bin/koha/opac-detail.pl?biblionumber=271547

MARC

LEADER 00000nam1a2200000 4500
001 271547
005 20231031225359.0
035 |a (RuTPU)RU\TPU\book\294748 
090 |a 271547 
100 |a 20141009d1986 km y0rusy50 ca 
101 0 |a rus 
102 |a RU 
200 1 |a Владимир Ильич Ленин. Биография  |e в 2 т.  |f Институт марксизма-ленинизма (ИМЛ) 
205 |a 7-е изд. 
210 |a Москва  |c Политиздат  |d 1985-1986 
712 0 2 |a Институт марксизма-ленинизма (ИМЛ)  |c (Москва)  |c (1956-1991)  |2 stltpush  |3 (RuTPU)RU\TPU\col\4702 
801 1 |a RU  |b 63413507  |c 20141009 
801 2 |a RU  |b 63413507  |c 20161110  |g RCR 
942 |c BK